Khái niệm văn hóa trong khoa học xã hội
Trình bày những cuộc tranh luận và việc sử dụng khái niệm văn hóa trong khoa học xã hội, tập trung vào xã hội học và nhân học. Nó cung cấp những câu trả lời chính xác và sâu sắc cho những câu hỏi tin tức trong nước và quốc tế....
Gespeichert in:
| 1. Verfasser: | |
|---|---|
| Format: | Buch |
| Sprache: | Undetermined |
| Veröffentlicht: |
Hà Nội
Tri thức
2020
|
| Schlagworte: | |
| Tags: |
Tag hinzufügen
Keine Tags, Fügen Sie den ersten Tag hinzu!
|
| Thư viện lưu trữ: | Trung tâm Học liệu Trường Đại học Cần Thơ |
|---|
| LEADER | 00920nam a2200205Ia 4500 | ||
|---|---|---|---|
| 001 | CTU_240108 | ||
| 008 | 210402s9999 xx 000 0 und d | ||
| 020 | |c 125000 | ||
| 082 | |a 306 | ||
| 082 | |b C963 | ||
| 100 | |a Cuche, Denys | ||
| 245 | 0 | |a Khái niệm văn hóa trong khoa học xã hội | |
| 245 | 0 | |c Denys Cuche ; Nguyễn Minh Tiến (dịch) | |
| 260 | |a Hà Nội | ||
| 260 | |b Tri thức | ||
| 260 | |c 2020 | ||
| 520 | |a Trình bày những cuộc tranh luận và việc sử dụng khái niệm văn hóa trong khoa học xã hội, tập trung vào xã hội học và nhân học. Nó cung cấp những câu trả lời chính xác và sâu sắc cho những câu hỏi tin tức trong nước và quốc tế. | ||
| 650 | |a Văn hóa,Culture | ||
| 910 | |b nthai | ||
| 980 | |a Trung tâm Học liệu Trường Đại học Cần Thơ | ||